Bangkok - Choix Multiples - Statistiques

Statistiques générales
  • Ce quiz a été pris 2 481 fois
    2 429 depuis la dernière actualisation
  • Le résultat moyen est 5 sur 10
Statistiques - réponses
Question Réponse % Correct
Laquelle de ces images représente le Grand Palais de Bangkok ?
78%
Quel sport très populaire à Bangkok Jean-Claude Van Damme pratique-t-il dans un film de 1989 qui se déroule dans la ville ? Kickboxing
72%
Quelle série de films voit son deuxième épisode se dérouler en grande partie à Bangkok ? Very Bad Trip
68%
En 2024, dans quelle catégorie Bangkok se classait-elle première ? Nombre de touristes internationaux
53%
Quelle est la particularité du nom de Bangkok ? Il est composé de 20 mots dans sa version complète.
51%
Quel fleuve traverse la ville de Bangkok ? Le Chao Phraya
49%
Bien qu'ayant en partie disparu, des khlongs parcourent encore aujourd'hui la ville. De quoi s'agit-il ? De canaux
46%
Lequel de ces célèbres temples se trouve à Bangkok ? Wat Arun
42%
A quelle mer est rattachée le Golfe de Thaïlande, à proximité duquel s'étend la ville ? La mer de Chine méridionale
39%
Quel régime politique est tombé lors de la Révolution siamoise qui s'est déroulé à Bangkok en 1932 ? Monarchie absolue
35%
Aucun quiz correspondant
Distribution des résultats
% des personnes avec chaque résultat
Percentile par nombre de réponses
Votre historique - résultats
Vous n’avez pas pris ce quiz depuis la dernière actualisation